01807cam a2200445Ia 450000100090000000300090000900500170001800600190003500700150005400800410006902000350011002000320014502000180017702000220019503500240021703500570024103500180029804000800031605000240039607200250042008200270044510000240047224500930049626000320058930000430062150200060066450400510067065000220072165000260074365000230076965000510079265000320084365000280087565000290090365500220093265500290095477601580098385601120114185601080125311089863USPCAS-E20180118181413.0m o d cr cnu---unuuu070712s2006 enka o 000 0 eng d a9780080492643 (electronic bk.) a0080492649 (electronic bk.) a9780750667401 a0750667400 (pbk.) a(OCoLC)ocn154727677 a(OCoLC)154727677z(OCoLC)505086750z(OCoLC)648302398 a(NNC)11089863 aN$TbengcN$TdOCLCQdYDXCPdOCLCQdIDEBKdOCLCQdOCLCFdCOOdUBYdE7BdZCU 4aTK4058b.C76 2006eb 7aTECx0090702bisacsh04a621.46222bCRO-E 20061 aCrowder, Richard M.10aElectric drives and electromechanical systemsh[electronic resource] /cRichard Crowder. aOxford :bElsevier,cc2006. a1 online resource (xv, 292 p.) :bill. a0 aIncludes bibliographical references and index. 0aElectric driving. 0aElectric controllers. 0aPower electronics. 7aTECHNOLOGY & ENGINEERINGxMechanical.2bisacsh 7aElectric controllers.2fast 7aElectric driving.2fast 7aPower electronics.2fast 4aElectronic books. 7aElectronic books.2local08iPrint version:aCrowder, Richard M.tElectric drives and electromechanical systems.dOxford : Elsevier, 2006z9780750667401z0750667400w(OCoLC)12487425440uhttp://www.columbia.edu/cgi-bin/cul/resolve?clio11089863.001zACADEMIC - Mechanics & Mechanical Engineering40uhttp://www.columbia.edu/cgi-bin/cul/resolve?clio11089863.002zACADEMIC - Electrical & Power Engineering